000 00711nam a2200181Ia 4500
003 GCL
008 140319s9999 xx 000 0 ara d
040 _aGCL /
_cGCL
082 0 4 _aم
_b920.71
_bم ت
100 1 _aابوالحجاج المزى، جمال الدين ابى الحجاج يوسف،1256- 1341 م
245 1 0 _aتهذيب الكمال فى معرفة اسماء الرجال /
_cابوالحجاج المزى، جمال الدين ابى الحجاج يوسف،1256- 1341 م
700 1 _aبشار عواد معروف
260 _aبيروت :
_bمؤسسة الرسالة ،
_c1983
300 _a15 مج ؛
_c30 سم
490 _a
650 0 4 _aالرجال - تراجم
942 _2ddc
_cREF
999 _c59262
_d59262